Statistics for Countries by Their Five Most Common Names

Click here to take the quiz!

General Stats

  • This quiz has been taken 123 times
  • The average score is 11 of 13

Answer Stats

MaleFemaleCountry% Correct
Jacob, Michael, Joshua, Matthew, EthanEmily, Emma, Madison, Abigail, OliviaUnited States
99%
Alejandro, Daniel, Pablo, David, JavierLucia, Maria, Paula, Laura, MartaSpain
98%
Shun, Takumi, Shō, Ren, ShōtaMisaki, Aoi, Nanami, Miu, RikoJapan
97%
Sean, Jack, Conor, Adam, JamesEmma, Sarah, Katie, Amy, AoifeIreland
93%
João, Gabriel, Pedro, Lucas, MatheusMaria, Ana, Júlia, Vitória, LetíciaBrazil
89%
Jack, Thomas, Joshua, Oliver, HarryOlivia, Grace, Jessica, Ruby, EmilyUnited Kingdom
89%
Francesco, Alessandro, Andrea, MatteoGiulia, Sara, Sofia, Martina, ChiaraItaly
85%
João, Tiago, André, Pedro, RicardoMaria, Joana, Ana, Catarina, InêsPortugal
83%
Jack, Lachlan, Josh, James, RyanOlivia, Charlotte, Emily, Chloe, EllaAustralia
80%
Lucas, Théo, Thomas, Hugo, MaximeLéa, Manon, Emma, Chloé, CamilleFrance
79%
Sigurður, Guðmundur, Jón, Gunnar, ÓlafurAnna, Sara, Katrín, Guðrún, MaríaIceland
72%
Daan, Sem, Thomas, Tim, LucasSanne, Emma, Anna, Iris, AnoukNetherlands
61%
Alexander, Maximilian, Leon, Lucas, LucaMarie, Sophie, Maria, Anne, LeonieGermany
52%

Score Distribution

Percentile by Number Answered

Percent of People with Each Score

Your Score History

You have not taken this quiz